[Event "TCh-FRA Top 16 Basse 2025"]
[Site "Belfort FRA"]
[Date "2025.05.31"]
[Round "3.8"]
[White "Malka, Samuel"]
[Black "Broly, Mathilde"]
[Result "1/2-1/2"]
[WhiteTitle "FM"]
[BlackTitle "WFM"]
[WhiteElo "2228"]
[BlackElo "2077"]
[WhiteTeam "Lyon Olympique Echecs"]
[BlackTeam "Clichy Echecs 92"]
[WhiteFideId "20643675"]
[BlackFideId "20682794"]
[EventDate "2025.05.29"]
[EventType "team"]

1. Nf3 d5 2. d4 e6 3. g3 Nc6 4. Bg2 Nf6 5. O-O Be7 6. b3 O-O 7. c4 Ne4 8. Ba3
Bxa3 9. Nxa3 Qe7 10. Nc2 Rd8 11. e3 b6 12. Nce1 Ba6 13. Nd3 Na5 14. cxd5 exd5
15. Re1 c5 16. dxc5 bxc5 17. Nf4 Bb7 18. Nd2 Nf6 19. Qc2 Rac8 20. Rac1 Ba6 21.
Qc3 Nb7 22. Nf3 Ne4 23. Qe5 Qxe5 24. Nxe5 g5 25. Nh5 Rd6 26. g4 f6 27. Bxe4 dxe4
28. Nc4 Re6 29. Red1 Rc7 30. Rd5 Kf7 31. Ng3 Bb5 32. Nf5 Bc6 33. Rd2 Kg6 34.
Rcd1 Bb5 35. Kg2 Bc6 36. a4 h5 37. h3 h4 38. Rc1 Bd7 39. Rcd1 Bc6 40. a5 Bb5 41.
Rd5 Kh7 42. Ra1 Kg8 43. Rd2 Kf8 44. Rda2 Bxc4 45. bxc4 Nd6 46. Nxd6 Rxd6 47. Rb2
Ra6 48. Rb5 Ke7 49. Rd1 Rd6 50. Rxd6 Kxd6 51. Rb8 Rc6 52. Rd8+ Kc7 53. Rd5 Kb7
54. Rd7+ Ka6 55. f3 Kxa5 56. Rxa7+ Kb4 57. fxe4 Kxc4 58. Kf2 Kd3 59. Ra3+ Kxe4
60. Ke2 c4 61. Ra4 Kd5 62. Kd2 c3+ 63. Kc2 Ke5 64. Rb4 Kd5 65. Rd4+ Ke5 66. Rb4
Kd5 67. Rd4+ Ke5 1/2-1/2

[Event "TCh-FRA Top 16 Basse 2025"]
[Site "Belfort FRA"]
[Date "2025.05.31"]
[Round "3.1"]
[White "Schlosser, Philipp"]
[Black "Bassini, Emile"]
[Result "1-0"]
[WhiteTitle "GM"]
[BlackTitle "FM"]
[WhiteElo "2472"]
[BlackElo "2391"]
[WhiteTeam "Bischwiller"]
[BlackTeam "Bois-Colombes"]
[WhiteFideId "4600169"]
[BlackFideId "26084074"]
[EventDate "2025.05.29"]
[EventType "team"]

1. c4 g6 2. Nc3 Bg7 3. g3 Nf6 4. Bg2 O-O 5. e4 d6 6. Nge2 c5 7. O-O Nc6 8. d3
Bg4 9. f3 Bd7 10. Be3 a6 11. Qd2 Ne8 12. f4 Nc7 13. d4 cxd4 14. Nxd4 Nxd4 15.
Bxd4 Bxd4+ 16. Qxd4 Rc8 17. f5 b5 18. b3 bxc4 19. bxc4 Ne8 20. Rad1 Bc6 21. e5
Qa5 22. fxg6 hxg6 23. exd6 Nxd6 24. Nd5 Bxd5 25. Bxd5 Nf5 26. Rxf5 gxf5 27. Qe3
Qc5 28. Rd4 e5 29. Qg5+ Kh8 30. Qh6+ Kg8 31. Qg5+ Kh8 32. Qf6+ Kg8 33. Qxe5 Rfe8
34. Qf6 Qe7 35. Qg6+ Kf8 36. Qh6+ Kg8 37. Rf4 Rb8 38. Qg6+ Kf8 39. Qh6+ Kg8 40.
Kg2 Qe2+ 41. Kh3 Re6 42. Bxe6 fxe6 43. Qg6+ Kf8 44. Qf6+ Kg8 45. Rd4 Rc8 46. c5
a5 47. a4 Rb8 48. c6 Re8 49. c7 Rc8 50. Qg5+ Kf8 51. Rd8+ Kf7 52. Rd7+ Ke8 53.
Qe7# 1-0

[Event "TCh-FRA Top 16 Basse 2025"]
[Site "Belfort FRA"]
[Date "2025.05.31"]
[Round "3.2"]
[White "Dionisi, Thomas"]
[Black "Materia, Marco"]
[Result "0-1"]
[WhiteTitle "IM"]
[BlackTitle "IM"]
[WhiteElo "2410"]
[BlackElo "2489"]
[WhiteTeam "Bois-Colombes"]
[BlackTeam "Bischwiller"]
[WhiteFideId "651893"]
[BlackFideId "45150451"]
[EventDate "2025.05.29"]
[EventType "team"]

1. e4 c5 2. Nf3 d6 3. c3 Nf6 4. h3 Nc6 5. Bd3 e5 6. Bc2 d5 7. exd5 Qxd5 8. Qe2
Be6 9. d3 O-O-O 10. Nbd2 h6 11. Ne4 c4 12. dxc4 Qxc4 13. Qxc4 Bxc4 14. Nxf6 gxf6
15. Be3 h5 16. Bb3 Na5 17. Bxa7 Kc7 18. Bxc4 Nxc4 19. Be3 Nxb2 20. O-O Nc4 21.
Nh4 Ba3 22. Rad1 Rxd1 23. Rxd1 Ra8 24. Nf5 Bf8 25. Ng3 Nxe3 26. fxe3 Bc5 27.
Nxh5 Bxe3+ 28. Kh2 f5 29. Nf6 Kc6 30. Nd5 Bc5 31. Rd2 e4 32. Nb4+ Bxb4 33. cxb4
e3 34. Rd3 f4 35. a3 e2 36. Rc3+ Kd5 37. Rc1 Kd4 38. Kg1 Ke3 39. Re1 Rg8 0-1

[Event "TCh-FRA Top 16 Basse 2025"]
[Site "Belfort FRA"]
[Date "2025.05.31"]
[Round "3.3"]
[White "Wagner, Claude"]
[Black "De Balmann, Marc"]
[Result "1-0"]
[WhiteTitle "IM"]
[WhiteElo "2321"]
[BlackElo "2178"]
[WhiteTeam "Bischwiller"]
[BlackTeam "Bois-Colombes"]
[WhiteFideId "600830"]
[BlackFideId "26041383"]
[EventDate "2025.05.29"]
[EventType "team"]

1. d4 Nf6 2. c4 g6 3. Nc3 Bg7 4. e4 d6 5. Be2 O-O 6. Bg5 c5 7. d5 e6 8. Qd2 exd5
9. exd5 Qb6 10. Nf3 Bf5 11. Nh4 Ne4 12. Nxe4 Bxe4 13. f3 Qxb2 14. Rc1 Bf5 15.
Nxf5 Qxd2+ 16. Kxd2 gxf5 17. Bd3 Nd7 18. Bxf5 Ne5 19. a4 Rfe8 20. h4 h5 21. Rhe1
Kf8 22. Re4 Ng6 23. Rce1 Rxe4 24. Rxe4 Re8 25. Bxg6 fxg6 26. Re6 Be5 27. Rxg6
Kf7 28. Rh6 Kg7 29. Rxh5 Bg3 30. Be3 Kf6 31. Rh6+ Kg7 32. Rh5 Kf6 33. Rh7 b6 34.
h5 Re5 35. Kd3 a5 36. Rh6+ Kf7 37. Rg6 Bh4 38. g4 Bg3 39. f4 1-0

[Event "TCh-FRA Top 16 Basse 2025"]
[Site "Belfort FRA"]
[Date "2025.05.31"]
[Round "3.4"]
[White "Samoun, Florent"]
[Black "Schmider, Niklas"]
[Result "1-0"]
[WhiteTitle "FM"]
[BlackTitle "IM"]
[WhiteElo "2261"]
[BlackElo "2421"]
[WhiteTeam "Bois-Colombes"]
[BlackTeam "Bischwiller"]
[WhiteFideId "664995"]
[BlackFideId "12993778"]
[EventDate "2025.05.29"]
[EventType "team"]

1. e4 c5 2. Nf3 d6 3. d4 cxd4 4. Qxd4 Nc6 5. Bb5 Bd7 6. Bxc6 bxc6 7. c4 e5 8.
Qd3 Qc7 9. Nc3 h6 10. b3 Nf6 11. O-O Be7 12. Ba3 Rd8 13. c5 dxc5 14. Qe3 Ng4 15.
Qc1 Be6 16. Na4 c4 17. Bxe7 Qxe7 18. h3 Nf6 19. Nxe5 Bxh3 20. Nxc6 Qe6 21. gxh3
Qxc6 22. Qxc4 Qxc4 23. bxc4 Rd4 24. f3 Rxc4 25. Rfc1 Rxc1+ 26. Rxc1 O-O 27. Kf2
Rd8 28. Ke3 Re8 29. Rc5 Re7 30. Nc3 Re6 31. Rc8+ Ne8 32. Nb5 Kh7 33. Nxa7 f5 34.
Nb5 fxe4 35. fxe4 Nf6 36. Nc3 Re5 37. Kd4 Rh5 38. a4 Kg6 39. Rc4 Kf7 40. Rc7+
Ke6 41. Rxg7 Rxh3 42. a5 1-0

[Event "TCh-FRA Top 16 Basse 2025"]
[Site "Belfort FRA"]
[Date "2025.05.31"]
[Round "3.5"]
[White "Ernst, Luca"]
[Black "Robert, Mathias"]
[Result "0-1"]
[WhiteTitle "FM"]
[WhiteElo "2222"]
[BlackElo "2265"]
[WhiteTeam "Bischwiller"]
[BlackTeam "Bois-Colombes"]
[WhiteFideId "45117055"]
[BlackFideId "26066769"]
[EventDate "2025.05.29"]
[EventType "team"]

1. e4 a6 2. d4 d6 3. Nf3 g6 4. Bd3 Bg7 5. c3 e6 6. O-O Nc6 7. Bg5 Nge7 8. a4 h6
9. Be3 O-O 10. Qc1 Kh7 11. h4 e5 12. h5 gxh5 13. d5 Nb8 14. Nh4 Bf6 15. Nf5 Bxf5
16. exf5 Nxd5 17. Bxh6 Rg8 18. Be4 c6 19. c4 Nf4 20. Bxf4 exf4 21. Ra3 Be5 22.
Rh3 Nd7 23. Rxh5+ Kg7 24. Nd2 Nf6 25. Rg5+ Kh7 26. Rxg8 Qxg8 27. Bf3 Qg5 28. Ne4
Qxf5 29. Qb1 Kg7 30. Nxf6 Qxf6 31. b4 Rh8 32. Rd1 Bd4 33. Qc2 c5 34. bxc5 dxc5
35. Bxb7 Qh4 36. Kf1 Rb8 37. Rb1 f5 38. g3 Qh2 39. Bg2 f3 40. Rxb8 fxg2+ 41. Ke2
g1=Q 42. Rb7+ Kg6 43. Rb6+ Bf6 44. Rxf6+ Kxf6 45. Qb2+ Kg6 46. Qb6+ Kh5 47. Qxc5
Qb1 48. Qa7 Qc2+ 0-1

[Event "TCh-FRA Top 16 Basse 2025"]
[Site "Belfort FRA"]
[Date "2025.05.31"]
[Round "3.6"]
[White "Guerlach, Keigo"]
[Black "Savignon Schmidt, Maxime"]
[Result "1/2-1/2"]
[WhiteElo "2148"]
[BlackElo "2057"]
[WhiteTeam "Bois-Colombes"]
[BlackTeam "Bischwiller"]
[WhiteFideId "20665865"]
[BlackFideId "651086581"]
[EventDate "2025.05.29"]
[EventType "team"]

1. Nf3 d5 2. g3 e6 3. Bg2 c5 4. O-O Nc6 5. d3 Bd6 6. e4 Nge7 7. Qe2 O-O 8. h4 b6
9. Re1 a5 10. e5 Bc7 11. h5 Nf5 12. c3 f6 13. Bf4 Ra7 14. Na3 fxe5 15. Bg5 Qe8
16. Nb5 Ncd4 17. Nfxd4 Nxd4 18. cxd4 Qxb5 19. dxe5 Qe8 20. Bf4 Bb8 21. h6 Qg6
22. Qd2 Raf7 23. hxg7 Kxg7 24. d4 h5 25. dxc5 bxc5 26. Bg5 Rxf2 27. Bf6+ R8xf6
28. exf6+ Rxf6 29. Rf1 Be5 30. Rxf6 Bxf6 31. Qxa5 Qxg3 32. Qa7+ Kg6 33. Qxc5 Qf4
34. Rd1 Ba6 35. Qc2+ Kg7 36. Qf2 Qg4 37. Rd2 Bb7 38. Qf3 Qg5 39. Rd1 Ba6 40. Qf2
Qg4 41. Rd2 Kg6 42. Qb6 Bc4 43. b3 Bc3 44. bxc4 Bxd2 45. cxd5 Qd1+ 46. Bf1 Qg4+
47. Bg2 Qd1+ 48. Bf1 Qg4+ 1/2-1/2

[Event "TCh-FRA Top 16 Basse 2025"]
[Site "Belfort FRA"]
[Date "2025.05.31"]
[Round "3.7"]
[White "Iino Jubin, Enzo"]
[Black "Arzur, Maia"]
[Result "1-0"]
[BlackTitle "WFM"]
[WhiteElo "2110"]
[BlackElo "2141"]
[WhiteTeam "Bischwiller"]
[BlackTeam "Bois-Colombes"]
[WhiteFideId "45177988"]
[BlackFideId "45161127"]
[EventDate "2025.05.29"]
[EventType "team"]

1. e4 c5 2. Nc3 d6 3. d4 cxd4 4. Qxd4 Nc6 5. Qd2 g6 6. b3 Bh6 7. f4 Nf6 8. Bb2
e5 9. g3 O-O 10. O-O-O Re8 11. Bg2 Nd4 12. Nge2 Bg4 13. Nxd4 exd4 14. Ne2 Bg7
15. Rde1 Nxe4 16. Bxe4 Rxe4 17. Nxd4 d5 18. h3 Bd7 19. Nf3 Bxb2+ 20. Kxb2 Bc6
21. Ne5 Qf6 22. Kb1 h5 23. Rh2 Re8 24. Rhe2 Qe6 25. Rxe4 dxe4 26. g4 hxg4 27.
hxg4 Kg7 28. Qc3 f6 29. Nxc6 Qxc6 30. Qd4 a6 31. g5 Qe6 32. Rh1 e3 33. gxf6+
Qxf6 34. Rh7+ Kxh7 35. Qxf6 Kg8 36. Qxg6+ Kf8 37. Qf6+ Kg8 38. Qg6+ Kf8 39. Kc1 1-0

[Event "TCh-FRA Top 16 Basse 2025"]
[Site "Belfort FRA"]
[Date "2025.05.31"]
[Round "3.8"]
[White "Makke, Laurent"]
[Black "Bellahcene, Sofia"]
[Result "1-0"]
[WhiteElo "2119"]
[BlackElo "2094"]
[WhiteTeam "Bois-Colombes"]
[BlackTeam "Bischwiller"]
[WhiteFideId "624314"]
[BlackFideId "26075954"]
[EventDate "2025.05.29"]
[EventType "team"]

1. e4 c5 2. Nf3 e6 3. d4 cxd4 4. Nxd4 Nf6 5. Nc3 Nc6 6. Ndb5 Bc5 7. Bf4 O-O 8.
Bc7 Qe7 9. Bd6 Bxd6 10. Qxd6 Qd8 11. O-O-O a6 12. Nd4 Ne7 13. g4 b5 14. h4 Bb7
15. f3 Re8 16. Nb3 Qb8 17. g5 Nh5 18. Qxb8 Raxb8 19. Rd3 d6 20. Rxd6 Ng3 21. Rd7
Nxf1 22. Rxf1 b4 23. Ne2 Bc6 24. Rc7 e5 25. Rd1 Bb5 26. Ng3 Rbc8 27. Rxc8 Rxc8
28. h5 f6 29. gxf6 gxf6 30. Na5 Rc7 31. Rd6 Kg7 32. Kd2 Ng8 33. Nf5+ Kf7 34. Ne3
Ne7 35. c3 bxc3+ 36. bxc3 Nc8 37. Rxf6+ Kxf6 38. Nd5+ Kg5 39. Nxc7 Nb6 40. Nd5
Nc4+ 41. Nxc4 Bxc4 42. a3 Kxh5 43. Ke3 Kg6 44. Kf2 h5 45. Nb6 Be6 46. c4 Kf6 47.
Nd5+ Kf7 48. Kg3 Kf8 49. Kh4 1-0

[Event "TCh-FRA Top 16 Basse 2025"]
[Site "Belfort FRA"]
[Date "2025.05.31"]
[Round "3.1"]
[White "Korobov, Anton"]
[Black "Eugene, Floryan"]
[Result "1-0"]
[WhiteTitle "GM"]
[BlackTitle "IM"]
[WhiteElo "2631"]
[BlackElo "2469"]
[WhiteTeam "Chalons-En-Champagne"]
[BlackTeam "Le Mans"]
[WhiteFideId "14105730"]
[BlackFideId "20694784"]
[EventDate "2025.05.29"]
[EventType "team"]

1. e4 c5 2. c3 Nf6 3. e5 Nd5 4. Bc4 e6 5. Nf3 d6 6. d4 cxd4 7. cxd4 Be7 8. O-O
O-O 9. Qe2 dxe5 10. dxe5 Bd7 11. Bxd5 exd5 12. Nc3 Bg4 13. h3 Bxf3 14. Qxf3 d4
15. Qxb7 Nd7 16. Nd5 Bc5 17. Bf4 Rb8 18. Qa6 Rxb2 19. Rac1 Re8 20. Bg3 h5 21. h4
Bb6 22. e6 Nf6 23. exf7+ Kxf7 24. Nc7 Re4 25. Qc4+ Kg6 26. Qd3 Kf7 27. Nb5 Re6
28. Rfe1 Qd5 29. Rxe6 Qxe6 30. Nd6+ Kf8 31. Qg6 Bc5 32. Rxc5 Ng4 33. Rc8+ Qxc8
34. Qf7# 1-0

[Event "TCh-FRA Top 16 Basse 2025"]
[Site "Belfort FRA"]
[Date "2025.05.31"]
[Round "3.2"]
[White "Eveno, Nathan"]
[Black "Grandelius, Nils"]
[Result "0-1"]
[BlackTitle "GM"]
[WhiteElo "2249"]
[BlackElo "2637"]
[WhiteTeam "Le Mans"]
[BlackTeam "Chalons-En-Champagne"]
[WhiteFideId "45132178"]
[BlackFideId "1710400"]
[EventDate "2025.05.29"]
[EventType "team"]

1. e4 c5 2. Nf3 Nc6 3. Bb5 e6 4. O-O Nge7 5. Re1 Nd4 6. Nxd4 cxd4 7. c3 a6 8.
Bf1 Nc6 9. b4 Bd6 10. a4 O-O 11. Na3 f5 12. exf5 Rxf5 13. g3 Qf6 14. Qe2 Re5 15.
Qd1 dxc3 16. dxc3 Rxe1 17. Qxe1 Bxb4 18. Bd2 Ne5 19. Bg2 Bc5 20. Qe2 d5 21. Be3
Bxe3 22. Qxe3 Bd7 23. f4 Ng4 24. Qf3 Nh6 25. g4 Qh4 26. h3 Bxa4 27. Qe3 Bd7 28.
c4 Kh8 29. Rd1 Re8 30. Nc2 Qd8 31. Qd4 Bc6 32. Nb4 Ng8 33. cxd5 exd5 34. Nxd5
Nf6 35. Nxf6 Re1+ 0-1

[Event "TCh-FRA Top 16 Basse 2025"]
[Site "Belfort FRA"]
[Date "2025.05.31"]
[Round "3.3"]
[White "Anton Guijarro, David"]
[Black "Harutyunyan, Safar"]
[Result "1-0"]
[WhiteTitle "GM"]
[BlackTitle "FM"]
[WhiteElo "2642"]
[BlackElo "2258"]
[WhiteTeam "Chalons-En-Champagne"]
[BlackTeam "Le Mans"]
[WhiteFideId "2285525"]
[BlackFideId "26042428"]
[EventDate "2025.05.29"]
[EventType "team"]

1. c4 e5 2. d3 Nc6 3. Nc3 Bc5 4. Nf3 d6 5. a3 a6 6. e3 Nf6 7. Be2 O-O 8. O-O Re8
9. b4 Ba7 10. Bb2 h6 11. Qc2 Ne7 12. Rfd1 Nf5 13. Re1 c6 14. Ne4 d5 15. cxd5
cxd5 16. Nc5 b6 17. Nb3 Bb8 18. e4 dxe4 19. dxe4 Nd6 20. Rad1 Bb7 21. Nxe5 Nfxe4
22. Bf3 Qc8 23. Qd3 Ng5 24. Bxb7 Qxb7 25. Ng4 Ne6 26. Be5 Nb5 27. Qg3 Bxe5 28.
Rxe5 Rad8 29. Rde1 Kf8 30. Qe3 Nec7 31. h4 Rxe5 32. Nxe5 Qd5 33. a4 Na3 34. Re2
Ne6 35. Rd2 Qb7 36. Rxd8+ Nxd8 37. Nd2 Qd5 38. Ndf3 Nc4 39. Nxc4 Qxc4 40. Qxb6
Ne6 41. Qb8+ Ke7 42. Qb7+ Qc7 43. Qxa6 Qc1+ 44. Qf1 Qa3 45. a5 Qxb4 46. Qa1 Qg4
47. a6 Nf4 48. Qe5+ Kd7 49. Qb5+ Kc7 50. Qc5+ Kb8 51. Qb6+ Kc8 52. Qb7+ Kd8 53.
Qb8+ Ke7 54. Qc7+ Ke8 55. Qxf7+ Kd8 56. Qf8+ Kc7 57. Qc5+ Kb8 58. Qb6+ Kc8 59.
Qb7+ Kd8 60. g3 Nh3+ 61. Kh2 Nxf2 62. Qb6+ 1-0

[Event "TCh-FRA Top 16 Basse 2025"]
[Site "Belfort FRA"]
[Date "2025.05.31"]
[Round "3.4"]
[White "Midy, Robin"]
[Black "Velten, Paul"]
[Result "0-1"]
[WhiteTitle "CM"]
[BlackTitle "GM"]
[WhiteElo "2139"]
[BlackElo "2542"]
[WhiteTeam "Le Mans"]
[BlackTeam "Chalons-En-Champagne"]
[WhiteFideId "26061244"]
[BlackFideId "681091"]
[EventDate "2025.05.29"]
[EventType "team"]

1. e4 c6 2. d4 d5 3. e5 c5 4. Nf3 cxd4 5. Nxd4 Nc6 6. Nxc6 bxc6 7. Bd3 e6 8. O-O
a5 9. Qe2 Ne7 10. Nd2 Ng6 11. Nf3 Be7 12. g3 c5 13. Bb5+ Bd7 14. h4 h5 15. Ng5
Bxb5 16. Qxb5+ Qd7 17. Qe2 Rb8 18. b3 a4 19. Re1 Bd8 20. Rb1 axb3 21. Rxb3 Ra8
22. c4 dxc4 23. Qxc4 O-O 24. Qe2 Bxg5 25. Bxg5 Qd5 26. Rb2 Ra4 27. Rc2 Rfa8 28.
Rd1 Rd4 29. Rdc1 Rc8 30. Be3 Nxe5 31. Bxd4 Nf3+ 32. Qxf3 Qxf3 33. Rxc5 Rxc5 34.
Bxc5 Qd5 35. a3 f6 36. Kh2 Kf7 37. Be3 Qa2 38. Rc7+ Kg6 39. Ra7 e5 40. a4 Kf5
41. a5 Kg4 42. Rxg7+ Kf3 43. Rg6 Qf7 44. Rh6 Ke2 45. a6 Kf1 46. g4 Qd5 47. f3
Qa2+ 0-1

[Event "TCh-FRA Top 16 Basse 2025"]
[Site "Belfort FRA"]
[Date "2025.05.31"]
[Round "3.5"]
[White "David, Alberto"]
[Black "Eugene, Nathael"]
[Result "1-0"]
[WhiteTitle "GM"]
[WhiteElo "2481"]
[BlackElo "2122"]
[WhiteTeam "Chalons-En-Champagne"]
[BlackTeam "Le Mans"]
[WhiteFideId "4000013"]
[BlackFideId "45115907"]
[EventDate "2025.05.29"]
[EventType "team"]

1. c4 Nf6 2. Nc3 g6 3. g3 Bg7 4. Bg2 O-O 5. Nf3 d6 6. O-O c5 7. a3 Nc6 8. Rb1 d5
9. cxd5 Nxd5 10. Nxd5 Qxd5 11. d3 Qh5 12. Be3 Bg4 13. b4 cxb4 14. axb4 Rfd8 15.
Qd2 e5 16. Rfc1 e4 17. Rc5 Rd5 18. Rxd5 Qxd5 19. Ng5 f5 20. f3 f4 21. gxf4 exf3
22. Nxf3 Qb5 23. Ng5 h6 24. Qa2+ Kh8 25. Nf7+ Kh7 26. Nd6 Qh5 27. Qf7 Rf8 28.
Qxb7 Nd8 29. Qe7 Kh8 30. Ne8 Nf7 31. Nxg7 Kxg7 32. Bd4+ Kg8 33. Qf6 1-0

[Event "TCh-FRA Top 16 Basse 2025"]
[Site "Belfort FRA"]
[Date "2025.05.31"]
[Round "3.6"]
[White "Gely, Yann"]
[Black "Bournel, Antoine"]
[Result "0-1"]
[BlackTitle "IM"]
[WhiteElo "2134"]
[BlackElo "2423"]
[WhiteTeam "Le Mans"]
[BlackTeam "Chalons-En-Champagne"]
[WhiteFideId "26050978"]
[BlackFideId "26093553"]
[EventDate "2025.05.29"]
[EventType "team"]

1. e4 e6 2. b3 d5 3. Bb2 a6 4. exd5 exd5 5. Nf3 Nc6 6. d4 Bd6 7. Be2 Nf6 8. Ne5
Ne7 9. Nd2 O-O 10. O-O Re8 11. Re1 Be6 12. Bd3 Qc8 13. c4 dxc4 14. bxc4 Bf5 15.
Bf1 Ng6 16. Ndf3 Ng4 17. Nxf7 Kxf7 18. c5 Rxe1 19. Qxe1 Be7 20. Bc4+ Kf8 21. h3
Nh6 22. Qe3 Qd8 23. g4 Bd7 24. Re1 c6 25. Ne5 Nxe5 26. Qxe5 Be8 27. Re3 Bf6 28.
Rf3 Bf7 29. Qe2 Bxc4 30. Qxc4 Nf7 31. h4 Qd5 32. Qd3 Re8 33. g5 Bd8 34. Bc3 Qe4 0-1

[Event "TCh-FRA Top 16 Basse 2025"]
[Site "Belfort FRA"]
[Date "2025.05.31"]
[Round "3.7"]
[White "Lucas, Arthur"]
[Black "Weibel, Theo"]
[Result "0-1"]
[WhiteTitle "IM"]
[WhiteElo "2328"]
[BlackElo "2125"]
[WhiteTeam "Chalons-En-Champagne"]
[BlackTeam "Le Mans"]
[WhiteFideId "26093073"]
[BlackFideId "36005428"]
[EventDate "2025.05.29"]
[EventType "team"]

1. e4 c5 2. Nf3 Nc6 3. Bb5 Na5 4. c3 a6 5. Ba4 e6 6. d4 cxd4 7. cxd4 b5 8. Bc2
Bb7 9. O-O Rc8 10. Nbd2 d6 11. Re1 Nf6 12. Nf1 Be7 13. Ng3 O-O 14. b3 Qc7 15.
Bd3 Nc6 16. Bd2 Rfd8 17. Qe2 Qb6 18. Bc3 Nd7 19. a4 Nce5 20. dxe5 Rxc3 21. axb5
Nxe5 22. Nxe5 dxe5 23. bxa6 Rcxd3 24. axb7 Rd2 25. Qe3 Bc5 26. b8=Q Bxe3 27.
Qxb6 Bxb6 28. Re2 g6 29. Kf1 h5 30. Rb1 R2d3 31. h4 Rd1+ 32. Re1 Rxe1+ 33. Kxe1
Rd4 34. Ke2 Kf8 35. f3 Bd8 36. Nf1 Bxh4 37. Rc1 Rb4 38. Rb1 Be7 39. Ne3 Bc5 40.
Nc2 Rb8 41. b4 Ke7 42. Kd3 Bb6 43. Kc4 g5 44. Kb5 f5 45. Ka6 h4 46. b5 Bc5 47.
Nb4 Kf6 48. Nd3 Rb6+ 49. Ka5 Bd4 50. Nb4 Rd6 51. Nc6 Be3 52. Rb3 f4 53. Rb1 Rd2
54. b6 Bxb6+ 55. Kxb6 Rxg2 56. Rf1 h3 57. Nb8 Rb2+ 58. Kc7 Rxb8 59. Kxb8 g4 60.
fxg4 Kg5 61. Kc7 Kxg4 62. Kd6 h2 63. Kxe5 Kg3 64. Rxf4 h1=Q 65. Rf6 Qe1 66. Rxe6
Kf3 67. Kd6 Kf4 68. Rf6+ Kg5 69. e5 Qc3 70. Kd5 Qb3+ 71. Kd6 Qc4 72. Ke7 Qd5 73.
Re6 Kf5 74. Rd6 Qc5 75. Kd7 Kxe5 76. Rc6 Qb5 77. Kc7 Kd5 78. Rb6 Qe8 79. Rd6+
Kc5 80. Rd7 Qa8 81. Re7 Qc6+ 82. Kd8 Qf6 83. Ke8 Qg6+ 84. Kf8 Qg5 85. Kf7 Kd6
86. Re6+ Kd7 87. Rf6 Qh5+ 88. Rg6 Qf3+ 89. Rf6 Qe4 90. Kg7 Qe5 91. Kg6 Ke7 92.
Rf5 Qc3 93. Rf4 Ke6 94. Re4+ Kd5 95. Rg4 Ke5 96. Rg5+ Ke6 97. Rg4 Qh3 98. Re4+
Kd5 99. Re7 Kd6 100. Rf7 Qg4+ 101. Kf6 Qg8 102. Rg7 Qf8+ 103. Rf7 Qh6+ 104. Kf5
Qe6+ 0-1

[Event "TCh-FRA Top 16 Basse 2025"]
[Site "Belfort FRA"]
[Date "2025.05.31"]
[Round "3.8"]
[White "Budak, Lori"]
[Black "Moracchini, Margaux"]
[Result "0-1"]
[WhiteElo "1908"]
[BlackElo "2019"]
[WhiteTeam "Le Mans"]
[BlackTeam "Chalons-En-Champagne"]
[WhiteFideId "36037630"]
[BlackFideId "36018198"]
[EventDate "2025.05.29"]
[EventType "team"]

1. e4 c5 2. Nc3 Nc6 3. g3 g6 4. Bg2 Bg7 5. d3 d6 6. Be3 Nh6 7. h3 f5 8. Qd2 Nf7
9. Nge2 Nd4 10. f4 O-O 11. exf5 Nxf5 12. Bf2 e6 13. O-O-O Rb8 14. Rdg1 b5 15. h4
b4 16. Ne4 Qa5 17. Kb1 Rb6 18. g4 Ra6 19. Nc1 Nd4 20. c3 bxc3 21. Nxc3 Bd7 22.
Ne4 Qc7 23. h5 Rb8 24. Nc3 Rab6 25. Nd1 Ba4 26. hxg6 hxg6 27. b3 Bxb3 28. axb3
Nxb3 29. Nxb3 Rxb3+ 30. Ka2 Qb6 0-1

[Event "TCh-FRA Top 16 Basse 2025"]
[Site "Belfort FRA"]
[Date "2025.06.01"]
[Round "4.1"]
[White "Fedorchuk, Sergey A."]
[Black "Donchenko, Alexander"]
[Result "1/2-1/2"]
[WhiteTitle "GM"]
[BlackTitle "GM"]
[WhiteElo "2565"]
[BlackElo "2615"]
[WhiteTeam "Lyon Olympique Echecs"]
[BlackTeam "Vandoeuvre Echecs"]
[WhiteFideId "14102536"]
[BlackFideId "24603295"]
[EventDate "2025.05.29"]
[EventType "team"]

1. e4 c6 2. Nf3 d5 3. d3 dxe4 4. dxe4 Qxd1+ 5. Kxd1 Nd7 6. Nbd2 Ngf6 7. Ne1 g6
8. f3 h5 9. h4 Bh6 10. a4 a5 11. Nc4 Bxc1 12. Kxc1 b6 13. Nd3 Ba6 14. Nde5 Bxc4
15. Nxc4 Kd8 16. c3 Kc7 17. Kc2 Ne8 18. b4 axb4 19. cxb4 b5 20. Na5 bxa4 21.
Rxa4 Nd6 22. Bd3 Rhb8 23. Rha1 c5 24. bxc5 Nxc5 25. R4a3 Nxd3 26. Kxd3 Rb2 27.
R3a2 Rxa2 28. Rxa2 Kd7 29. Ra1 Ke6 30. f4 Rb8 31. Nc6 Rb3+ 32. Ke2 Rb2+ 33. Kf3
Rb3+ 34. Ke2 Rb2+ 35. Kf3 Rb3+ 1/2-1/2

[Event "TCh-FRA Top 16 Basse 2025"]
[Site "Belfort FRA"]
[Date "2025.06.01"]
[Round "4.2"]
[White "Fridman, Daniel"]
[Black "Tahay, Alexis"]
[Result "1-0"]
[WhiteTitle "GM"]
[BlackTitle "IM"]
[WhiteElo "2584"]
[BlackElo "2375"]
[WhiteTeam "Vandoeuvre Echecs"]
[BlackTeam "Lyon Olympique Echecs"]
[WhiteFideId "11600454"]
[BlackFideId "26090961"]
[EventDate "2025.05.29"]
[EventType "team"]

1. Nf3 c5 2. e3 Nf6 3. d4 e6 4. Bd3 d5 5. O-O Bd6 6. c3 Nbd7 7. Nbd2 O-O 8. Re1
h6 9. e4 dxe4 10. Nxe4 Nxe4 11. Rxe4 b6 12. dxc5 bxc5 13. Bxh6 gxh6 14. Rg4+ Kh8
15. Qd2 Qf6 16. Rh4 Kg7 17. Rg4+ Kh8 18. Rh4 Kg7 19. Be4 Rb8 20. Qxd6 Rxb2 21.
Qg3+ Kh8 22. Ng5 Bb7 23. Nh7 Qg7 24. Qxg7+ Kxg7 25. Nxf8 Nxf8 26. Rb1 Rxb1+ 27.
Bxb1 Nd7 28. Ra4 a6 29. Ra5 1-0

[Event "TCh-FRA Top 16 Basse 2025"]
[Site "Belfort FRA"]
[Date "2025.06.01"]
[Round "4.3"]
[White "Rathanvel, V S"]
[Black "Solodovnichenko, Yuri"]
[Result "1/2-1/2"]
[WhiteTitle "IM"]
[BlackTitle "GM"]
[WhiteElo "2465"]
[BlackElo "2511"]
[WhiteTeam "Lyon Olympique Echecs"]
[BlackTeam "Vandoeuvre Echecs"]
[WhiteFideId "25002112"]
[BlackFideId "14104369"]
[EventDate "2025.05.29"]
[EventType "team"]

1. e4 e5 2. Nf3 Nf6 3. Nxe5 d6 4. Nf3 Nxe4 5. d4 d5 6. Bd3 Nc6 7. O-O Be7 8.
Nbd2 Bf5 9. Re1 Nxd2 10. Qxd2 Bg6 11. c3 O-O 12. Bxg6 fxg6 13. Qd3 Qd7 14. Bd2
Rae8 15. Re2 a6 16. Rae1 Bd6 17. b3 Rxe2 18. Rxe2 Qf5 19. Qxf5 1/2-1/2